000 00603nam a22002177a 4500
003 UA-OsUOA
001 60832
007 ta
008 20090610b un ||||| |||| 00| 0 ukr d
100 _aГлазьев С.
090 _a330
_bГ52
942 _cSA
040 _aUA-OsUOA
_brus
_cUA-OsUOA
_dUA-OsUOA
245 _aМировой экономический кризис как процес смены технологических укладов
300 _aС.26-39
955 _a0
041 _arus
080 _a330
773 0 _w60831
650 7 _a330 Економіка взагалі
_2UDC
999 _c347561
_d347561